<?xml version="1.0" encoding="UTF-8"?>
<record
    xmlns:xsi="http://www.w3.org/2001/XMLSchema-instance"
    xsi:schemaLocation="http://www.loc.gov/MARC21/slim http://www.loc.gov/standards/marcxml/schema/MARC21slim.xsd"
    xmlns="http://www.loc.gov/MARC21/slim">

  <leader>05723nam a2200481Ia 4500</leader>
  <controlfield tag="001">dia_6916</controlfield>
  <controlfield tag="003">CHAP</controlfield>
  <controlfield tag="005">20240624131312.0</controlfield>
  <controlfield tag="007">ta</controlfield>
  <controlfield tag="008">220117s2018    mx ad  frm    001 0 spa d</controlfield>
  <datafield tag="010" ind1=" " ind2=" ">
    <subfield code="a">178111</subfield>
  </datafield>
  <datafield tag="040" ind1=" " ind2=" ">
    <subfield code="c">CHAP</subfield>
    <subfield code="a">mxchpua</subfield>
    <subfield code="e">rda</subfield>
  </datafield>
  <datafield tag="041" ind1="0" ind2=" ">
    <subfield code="a">spa</subfield>
    <subfield code="b">eng</subfield>
  </datafield>
  <datafield tag="090" ind1=" " ind2=" ">
    <subfield code="a">Tesis </subfield>
    <subfield code="b">E87 </subfield>
    <subfield code="c">2018</subfield>
  </datafield>
  <datafield tag="100" ind1="1" ind2=" ">
    <subfield code="a">Espejel S&#xE1;nchez, Karen Itzel</subfield>
  </datafield>
  <datafield tag="240" ind1="1" ind2="0">
    <subfield code="a">Nutraceutical potential of three species of wild mushrooms of the north sierra of Puebla.</subfield>
    <subfield code="l">Espa&#xF1;ol</subfield>
  </datafield>
  <datafield tag="245" ind1="1" ind2="0">
    <subfield code="a">Potencial nutrac&#xE9;utico de tres especies de hongos silvestres de la sierra norte de Puebla /</subfield>
    <subfield code="c">Karen Itzel Espejel S&#xE1;nchez</subfield>
  </datafield>
  <datafield tag="264" ind1=" " ind2=" ">
    <subfield code="a">Chapingo, M&#xE9;xico :</subfield>
    <subfield code="b">El autor,</subfield>
    <subfield code="c">2018</subfield>
  </datafield>
  <datafield tag="300" ind1=" " ind2=" ">
    <subfield code="a">xi, 82 hojas :</subfield>
    <subfield code="b">ilustraciones, gr&#xE1;ficas, diagramas, tablas +</subfield>
    <subfield code="e">1 CD-ROM</subfield>
  </datafield>
  <datafield tag="336" ind1=" " ind2=" ">
    <subfield code="2">rdacontent</subfield>
    <subfield code="a">texto</subfield>
    <subfield code="b">txt</subfield>
  </datafield>
  <datafield tag="337" ind1=" " ind2=" ">
    <subfield code="2">rdamedia</subfield>
    <subfield code="a">no mediado</subfield>
    <subfield code="b">n</subfield>
  </datafield>
  <datafield tag="338" ind1=" " ind2=" ">
    <subfield code="2">rdacarrier</subfield>
    <subfield code="a">volumen</subfield>
    <subfield code="b">nc</subfield>
  </datafield>
  <datafield tag="500" ind1=" " ind2=" ">
    <subfield code="a">El CD contiene reporte y art&#xED;culo</subfield>
  </datafield>
  <datafield tag="502" ind1=" " ind2=" ">
    <subfield code="a">Tesis </subfield>
    <subfield code="b">(Maestro en Ciencias en Ciencia y Tecnolog&#xED;a Agroalimentaria) -- </subfield>
    <subfield code="c">UACh. Departamento de Ingenier&#xED;a Agroindustrial, </subfield>
    <subfield code="d">2018</subfield>
  </datafield>
  <datafield tag="504" ind1=" " ind2=" ">
    <subfield code="a">Incluye bibliograf&#xED;as</subfield>
  </datafield>
  <datafield tag="520" ind1="3" ind2=" ">
    <subfield code="a">En este trabajo se estudiaron las propiedades nutricionales, el potencial nutrac&#xE9;utico y la estabilidad t&#xE9;rmica de los compuestos fen&#xF3;licos, de los cuerpos fruct&#xED;feros de tres especies de hongos comestibles silvestres Lactarius indigo, Ramaria flava y Hypomyces lactiflorum, colectados en Zacapoaxtla, Municipio de Puebla. Las propiedades nutricionales se determinaron mediante un an&#xE1;lisis proximal por los m&#xE9;todos de la AOAC. El potencial nutrac&#xE9;utico fue evaluado cuantificando el contenido de fenoles, flavonoides y carotenoides totales. La capacidad antioxidante se evalu&#xF3; con los ensayos ABTS y FRAP. La estabilidad t&#xE9;rmica de los compuestos fen&#xF3;licos se estudi&#xF3; mediante una cin&#xE9;tica de degradaci&#xF3;n del contenido fen&#xF3;lico y capacidad antioxidante a 50 y 92&#xB0;C. De acuerdo con los resultados, R. flava fue el hongo que present&#xF3; mayor cantidad
de prote&#xED;na (24.02%) y L. indigo el mayor contenido de fibra cruda (14.64%). Adem&#xE1;s, R. flava present&#xF3; el mayor contenido de fenoles y flavonoides totales (4.40 𝑚𝑔 𝐸𝐴𝐺 𝑔 &#x2219; 𝑏𝑠&#x2212;1 y 2.25 𝑚𝑔 𝐸𝐶 𝑔 &#x2219; 𝑏𝑠&#x2212;1, respectivamente) y tambi&#xE9;n una mayor capacidad antioxidante por los ensayos ABTS y FRAP (23.65 y 20.17𝜇𝑚𝑜𝑙 𝐸𝑇 𝑔 &#x2219; 𝑏𝑠&#x2212;1, respectivamente). As&#xED; mismo, los compuestos fen&#xF3;licos de R. flava fueron los que mostraron menor estabilidad al tratamiento t&#xE9;rmico al perder el 33% de fenoles totales. Sobre la base de los resultados globales, las tres especies contienen adecuada composici&#xF3;n nutricional y potencial nutrac&#xE9;utico, con un alto contenido de fibra cruda, bajo porcentaje en grasas y alto contenido de antioxidantes. --</subfield>
  </datafield>
  <datafield tag="520" ind1="3" ind2=" ">
    <subfield code="a">In this work were studied the nutritional properties, the nutraceutical potential and the thermal stability of the phenolic compounds of the fruiting bodies of three wild edible mushroom species Lactarius indigo, Ramaria flava and Hypomyces lactiflorum collected in Zacapoaxtla, Municipality of Puebla. The nutritional properties were determined by a proximal analysis by the AOAC methods. The nutraceutical potential was evaluated by quantifying the content of phenols, flavonoids and total carotenoids. Antioxidant capacity was evaluated with the ABTS and FRAP assays. The thermal stability of the phenolic compounds was studied through a kinetics of phenolic content degradation and antioxidant capacity at 50 and 92 &#xB0; C. According to the results, R. flava was the mushroom wich presented the highest amount of protein (24.02%) and L. indigo the highest content of crude fiber (14.64%). In addition, R. flava had the highest content of phenols and total flavonoids (4.40 𝑚𝑔 𝐸𝐴𝐺 𝑔 &#x2219; 𝑏𝑠&#x2212;1 and 2.25 𝑚𝑔 𝐸𝐶 𝑔 &#x2219; 𝑏𝑠&#x2212;1, respectively) and also a higher capacity antioxidant by the ABTS and FRAP assays (23.65 y 20.17 𝜇𝑚𝑜𝑙 𝐸𝑇 𝑔 &#x2219; 𝑏𝑠&#x2212;1) respectively. Likewise, the phenolic compounds of R. flava were those that showed less stability to the thermal treatment when losing 33% of total phenols. Based on the overall results, the three species contain adequate nutritional composition and nutraceutical potential, with a high content of crude fiber, low fat percentage and high antioxidant content.antioxidant by the ABTS and FRAP assays (23.65 y 20.17 𝜇𝑚𝑜𝑙 𝐸𝑇 𝑔 &#x2219; 𝑏𝑠&#x2212;1) respectively. Likewise, the phenolic compounds of R. flava were those that showed less stability to the thermal treatment when losing 33% of total phenols. Based on the overall results, the three species contain adequate nutritional composition and nutraceutical potential, with a high content of crude fiber, low fat percentage and high antioxidant content.</subfield>
  </datafield>
  <datafield tag="650" ind1="1" ind2="3">
    <subfield code="a">Hongos silvestres comestibles</subfield>
    <subfield code="x">Evaluaci&#xF3;n sensorial de los alimentos  </subfield>
    <subfield code="2">atg</subfield>
  </datafield>
  <datafield tag="650" ind1="1" ind2="3">
    <subfield code="a">Hongos silvestres comestibles</subfield>
    <subfield code="x">Valor nutritivo  </subfield>
    <subfield code="2">atg</subfield>
  </datafield>
  <datafield tag="650" ind1="1" ind2="3">
    <subfield code="a">Hongos silvestres comestibles</subfield>
    <subfield code="x">Variedades</subfield>
    <subfield code="2">atg</subfield>
    <subfield code="z">M&#xE9;xico</subfield>
    <subfield code="z">Puebla  </subfield>
  </datafield>
  <datafield tag="650" ind1="1" ind2="3">
    <subfield code="a">Wild edible mushrooms</subfield>
    <subfield code="x">Nutritive value  </subfield>
    <subfield code="2">atg</subfield>
  </datafield>
  <datafield tag="650" ind1="1" ind2="3">
    <subfield code="a">Wild edible mushrooms</subfield>
    <subfield code="x">Sensory evaluation  </subfield>
    <subfield code="2">atg</subfield>
  </datafield>
  <datafield tag="650" ind1=" " ind2="0">
    <subfield code="a">Wild edible mushrooms</subfield>
    <subfield code="x">Varieties</subfield>
    <subfield code="2">atg</subfield>
    <subfield code="z">Mexico</subfield>
    <subfield code="z">Puebla</subfield>
  </datafield>
  <datafield tag="700" ind1="1" ind2=" ">
    <subfield code="a">Guerra Ram&#xED;rez, Diana</subfield>
    <subfield code="e">directora</subfield>
  </datafield>
  <datafield tag="700" ind1="1" ind2=" ">
    <subfield code="a">Espinosa Solares, Teodoro</subfield>
    <subfield code="e">asesor</subfield>
  </datafield>
  <datafield tag="700" ind1="1" ind2=" ">
    <subfield code="a">Reyes Trejo, Benito</subfield>
    <subfield code="e">asesor</subfield>
  </datafield>
  <datafield tag="856" ind1="4" ind2="1">
    <subfield code="u">http://10.13.5.2/tesis/sist114732.pdf</subfield>
    <subfield code="y">DESCARGAR PDF</subfield>
  </datafield>
  <datafield tag="901" ind1=" " ind2=" ">
    <subfield code="a">TESIS E87 2018</subfield>
  </datafield>
  <datafield tag="902" ind1=" " ind2=" ">
    <subfield code="a">M</subfield>
  </datafield>
  <datafield tag="905" ind1=" " ind2=" ">
    <subfield code="a">5232272018                          mx nml 8223123322spa16</subfield>
  </datafield>
  <datafield tag="942" ind1=" " ind2=" ">
    <subfield code="c">TESIS</subfield>
    <subfield code="2">Clasificaci&#xF3;n Universidad Aut&#xF3;noma Chapingo</subfield>
  </datafield>
  <datafield tag="999" ind1=" " ind2=" ">
    <subfield code="c">178111</subfield>
    <subfield code="d">178111</subfield>
  </datafield>
  <datafield tag="952" ind1=" " ind2=" ">
    <subfield code="0">0</subfield>
    <subfield code="1">0</subfield>
    <subfield code="2">local</subfield>
    <subfield code="4">0</subfield>
    <subfield code="5">1</subfield>
    <subfield code="7">0</subfield>
    <subfield code="8">TESIS</subfield>
    <subfield code="a">IA_</subfield>
    <subfield code="b">IA_</subfield>
    <subfield code="d">2022-01-18</subfield>
    <subfield code="e">El autor</subfield>
    <subfield code="l">0</subfield>
    <subfield code="o">TESIS E87 2018</subfield>
    <subfield code="p">1101011804</subfield>
    <subfield code="r">2022-01-18 00:00:00</subfield>
    <subfield code="t">Ej. 1</subfield>
    <subfield code="w">2022-01-18</subfield>
    <subfield code="y">CD</subfield>
  </datafield>
  <datafield tag="952" ind1=" " ind2=" ">
    <subfield code="0">0</subfield>
    <subfield code="1">0</subfield>
    <subfield code="2">local</subfield>
    <subfield code="4">0</subfield>
    <subfield code="7">0</subfield>
    <subfield code="8">TesDigM</subfield>
    <subfield code="a">IA_</subfield>
    <subfield code="b">IA_</subfield>
    <subfield code="c">E_L</subfield>
    <subfield code="d">2024-06-24</subfield>
    <subfield code="e">El autor</subfield>
    <subfield code="l">0</subfield>
    <subfield code="p">1201011804</subfield>
    <subfield code="r">2024-06-24 00:00:00</subfield>
    <subfield code="w">2024-06-24</subfield>
    <subfield code="y">TD</subfield>
  </datafield>
</record>
